Whom Did Will Smith Play? Quiz Stats

 Plays Quiz Updated Jun 11, 2017

Support Sporcle.
Go Orange.
Score 0/20 Timer 06:00
1 Play Today
Question Answer Wrong Answers
Who did Will Smith play in...
Hitch?
Alex 'Hitch' Hitchens
94.1%
Albert Brennaman
0.7%
Max
1.1%
Geoff
0.7%
Who did Will Smith play in...
Ali?
Muhammad Ali/Cassius Clay
94%
Drew Bundini Brown
0.5%
Malcolm X
1.6%
Don King
0.6%
Who did Will Smith play in...
Hancock?
John Hancock
92.9%
Ray Embrey
1.6%
Kenneth 'Red' Parker
1.6%
Man Mountain
0.5%
Who did Will Smith play in...
The Legend of Bagger Vance?
Bagger Vance
87.4%
Rannulph Junuh
2.3%
Walter Hagen
2.9%
Bobby Jones
3.6%
Who did Will Smith play in...
Wild Wild West?
Captain James T. West
82.5%
Artemus Gordon
9%
Dr. Arliss Loveless
3.8%
The Giant Mechanical Spider
1%
Who did Will Smith play in...
Suicide Squad?
Floyd Lawton (Deadshot)
80.1%
The Joker
1.4%
George Harkness (Captain Boomerang)
9%
Waylon Jones (Killer Croc)
6%
Who did Will Smith play in...
Independence Day?
Captain Steven Hiller
78.8%
Thomas J. Whitmore
8.5%
David Levinson
2.8%
General William Grey
6.3%
Who did Will Smith play in...
Men in Black?
James Darrell Edwards/Agent J
75%
Kevin Brown/Agent K
18.5%
Edgar the Bug
0.2%
Agent Zed
3.1%
Who did Will Smith play in...
I Am Legend?
Dr. Robert Neville
71.2%
Ethan
20.5%
Darkseekers' Alpha Male
3.3%
President of the United States
1.5%
Who did Will Smith play in...
Shark Tale?
Oscar
69.3%
Don Edward Lino
4%
Lenny Lino
11.5%
Sykes
11.3%
Who did Will Smith play in...
I, Robot?
Detective Del Spooner
66.8%
Sonny the Robot
5.3%
Lawrence Robertson
11.9%
Dr. Alfred Lanning
12.3%
Who did Will Smith play in...
Bad Boys?
Det. Sgt. Mike Lowrey
64.3%
Det. Sgt. Marcus Burnett
24.7%
Captain Conrad Howard
2.9%
Detective Sanchez
4.5%
Who did Will Smith play in...
The Pursuit of Happyness?
Chris Gardner
63.6%
Martin Frohm
12.8%
Jay Twistle
10.7%
Alan Frakesh
8.7%
Who did Will Smith play in...
Concussion?
Dr. Bennet Omalu
61.2%
Dr. Julian Bailes
14.4%
Dr. Cyril Wecht
8.5%
Mike Webster
11.7%
Who did Will Smith play in...
Enemy of the State?
Robert Clayton Dean
54%
Thomas Brian Reynolds
15.4%
Edward 'Brill' Lyle
15.1%
David Pratt
11%
Who did Will Smith play in...
Seven Pounds?
Tim/Ben Thomas
39.4%
Dan Morris
15.1%
Ezra Turner
29.1%
George
11.7%
Who did Will Smith play in...
Winter's Tale?
The Judge/Lucifer
38.5%
Peter Lake
25.2%
Pearly Soames
14.3%
Romeo Tan
16.9%
Who did Will Smith play in...
Six Degrees of Separation?
Paul
36.5%
Flan Kittredge
10.7%
Larkin
16.1%
Geoffrey Miller
31.9%
Who did Will Smith play in...
Collateral Beauty?
Howard Inlet
33.3%
Whit Yardshaw
19%
Simon Scott
27.2%
Raffi/Time
15.7%
Who did Will Smith play in...
After Earth?
Cypher Raige
32.9%
Commander Velan
41.2%
Mike
11.2%
The Veteran Ranger
10.4%

You're not logged in!

Compare scores with friends on all Sporcle quizzes.
OR
Log In
Forgot?

From the Vault

Cougar States

by gingerlover

Here, kitty, kitty...
Remove Ads.
Support Sporcle.
Get the best of Sporcle when you Go Orange. This ad-free experience offers more features, more stats, and more fun while also helping to support Sporcle. Thank you for becoming a member.

Show Comments

Extras

Top Quizzes Today


Score Distribution

Your Account Isn't Verified!

In order to create a playlist on Sporcle, you need to verify the email address you used during registration. Go to your Sporcle Settings to finish the process.

Report this User

Report this user for behavior that violates our Community Guidelines.

Details: